000 01002nam a22002415i 4500
001 177103
003 ES-MaACL
005 20240109201307.0
008 110303s2010 sp |||| | spa d
080 _a94(460)"1936/1939"
100 1 _aAzaña, Manuel,
_d1880-1940
_924223
245 1 0 _aAzaña imprescindible
_b: sus grandes discursos : el papel de la Iglesia, la tentación totalitaria de la derecha, las bases del ejército moderno_ /
_cselección, prólogo y notas, Isabelo Herreros.
260 _a[Madrid] :
_bDiario Público,
_c[2010]
300 _a304 p. ;
_c18 cm.
600 1 4 _aAzaña, Manuel,
_d1880-1940-
_xPensamiento político
_924227
600 0 _aAzaña, Manuel,
_d1880-1940-
_vDiscursos
_9233672
651 4 _aEspaña-
_xHistoria-
_y1931-1939, II República
_98283
700 1 _aHerreros, Isabelo,
_d1953-
_963354
852 4 _aES-MaACL
_jE-14526
852 4 _aES-MaACL
_jA-12426
_9183876
_bR.146652
_cDEPO1
_dOlim: N-5431
942 _2udc
_cMONOGRAFIA
999 _c177103
_d177103